Statistics for Airports by Cities

Click here to take the quiz!

General Stats

  • This quiz has been taken 100 times
    (87 since last reset)
  • The average score is 16 of 34

Answer Stats

CityAirport% Correct
New York CityJohn F. Kennedy
98%
LondonHeathrow
94%
ChicagoO'Hare
91%
LondonGatwick
89%
ParisCharles de Gaulle
86%
New York CityNewark
79%
New York CityLaGuardia
78%
ParisOrly
68%
LondonLuton
66%
TokyoNarita
61%
BostonLogan
60%
LondonStansted
59%
ChicagoMidway
56%
TokyoHaneda
54%
IstanbulAtatürk
53%
AmsterdamSchiphol
51%
SeoulIncheon
48%
MilanMalpensa
44%
RomeFiumicino
43%
StockholmArlanda
40%
ShanghaiPudong
35%
MilanLinate
33%
MoscowDomodedovo
29%
MoscowSheremetyevo
24%
RomeCiampino
23%
JohannesburgO. R. Tambo
23%
BangkokSuvarnabhumi
23%
São PauloGuarulhos
19%
StockholmBromma
18%
SeoulGimpo
18%
ShanghaiHongqiao
15%
São PauloCongonhas
13%
IstanbulSabiha Gökçen
9%
JohannesburgLanseria
6%

Score Distribution

Percentile by Number Answered

Percent of People with Each Score

Your Score History

You have not taken this quiz since the last reset